|
|
|
|
| LEADER |
01081nam a2200289 a 4500 |
| 001 |
3734051 |
| 003 |
BD-DhAAL |
| 008 |
100107s1992 bg b 000 0 eng d |
| 999 |
|
|
|c 6777
|d 6777
|
| 040 |
|
|
|a UIU
|c UIU
|d DLC
|d BD-DhAAL
|
| 082 |
0 |
0 |
|a 305.3095492
|2 20
|
| 245 |
1 |
4 |
|a Eshon :
|b collected articles 1992 /
|c edited by Latifa Akanda, Khaleda Salahuddin.
|
| 260 |
|
|
|a Dhaka, Bangladesh :
|b Women for Women,
|c 1992.
|
| 300 |
|
|
|a 152 p. ;
|c 24 cm.
|
| 500 |
|
|
|a English and Bengali.
|
| 504 |
|
|
|a Includes bibliographical references.
|
| 541 |
1 |
|
|e 00006056
|
| 650 |
|
0 |
|a Sex role
|z Bangladesh.
|9 31042
|
| 650 |
|
0 |
|a Status of women
|x Bangladesh.
|9 31043
|
| 650 |
|
0 |
|a Women
|x Bangladesh.
|9 31044
|
| 700 |
1 |
|
|a Jahan, Roushan.
|9 31045
|
| 700 |
1 |
|
|a Akanda, Latifa.
|9 31046
|
| 710 |
2 |
|
|a Women for Women Research & Study Group (Bangladesh)
|9 31047
|
| 740 |
0 |
2 |
|a Eshan?a.
|
| 852 |
4 |
|
|a Ayesha Abed Library
|j General shelf
|
| 942 |
|
|
|2 ddc
|c BK
|
| 952 |
|
|
|0 0
|1 0
|2 ddc
|4 0
|6 305_309549200000000_ESH_1992
|7 0
|9 6965
|a BRACUL
|b BRACUL
|c GEN
|d 2010-01-07
|l 0
|o 305.3095492 ESH
|p 3010006056
|r 2010-01-07
|t 1
|w 2010-01-07
|y BK
|